Toshi keikaku to toshi shakaigaku /
Saved in:
| Main Author: | |
|---|---|
| Format: | Book |
| Language: | Japanese |
| Published: |
Tōkyō :
Jōchi Daigaku Shuppan : Hatsubai Gyōsei,
2008.
|
| Edition: | Dai 1-han. |
| Subjects: | |
| Tags: |
Add Tag
No Tags, Be the first to tag this record!
|
| LEADER | 01356cam a22003614a 4500 | ||
|---|---|---|---|
| 001 | 011984792-2 | ||
| 005 | 20090714151332.0 | ||
| 008 | 080924s2008 ja ab b 001 0 jpn | ||
| 010 | |a 2008401263 | ||
| 020 | |a 9784324083918 | ||
| 020 | |a 4324083916 | ||
| 035 | 0 | |a ocn256434247 | |
| 040 | |a DLC |c DLC |d TRCLS |d GZM |d IUL |d HMY | ||
| 043 | |a a-ja--- | ||
| 050 | 0 | 0 | |a HT169.J32 |b T65563 2008 |
| 100 | 1 | |6 880-01 |a Sonobe, Masahisa, |d 1950- | |
| 245 | 1 | 0 | |6 880-02 |a Toshi keikaku to toshi shakaigaku / |c Sonobe Masahisa cho = Urban planning and urban sociology / Masahisa Sonobe. |
| 246 | 3 | 1 | |a Urban planning and urban sociology |
| 250 | |6 880-03 |a Dai 1-han. | ||
| 260 | |6 880-04 |a Tōkyō : |b Jōchi Daigaku Shuppan : |b Hatsubai Gyōsei, |c 2008. | ||
| 300 | |a xii, 286 p. : |b ill., maps ; |c 22 cm. | ||
| 504 | |a Includes bibliographical references and indexes. | ||
| 546 | |a In Japanese. | ||
| 650 | 0 | |a City planning |z Japan |z Tokyo. | |
| 650 | 0 | |a Community development |z Japan |z Tokyo. | |
| 650 | 0 | |a Sociology, Urban. | |
| 880 | 1 | |6 100-01 |a 園部雅久, |d 1950- | |
| 880 | 1 | 0 | |6 245-02 |a 都市計画と都市社会学 / |c 園部雅久著 = Urban planning and urban sociology / Masahisa Sonobe. |
| 880 | |6 250-03 |a 第1版. | ||
| 880 | |6 260-04 |a 東京 : |b 上智大学出版 : |b 発売ぎょうせい, |c 2008. | ||
| 988 | |a 20090527 | ||
| 049 | |a HMYJ |o d | ||
| 906 | |0 DLC | ||


